Design of next generation amplifiers using nanowire FETs /
Gardado en:
| Outros autores: | , , , |
|---|---|
| Formato: | Artigo |
| Idioma: | English |
| Những chủ đề: | |
| Các nhãn: |
Engadir etiqueta
Sen Etiquetas, Sexa o primeiro en etiquetar este rexistro!
|
| Thư viện lưu trữ: | Thư viện Trường Đại học Đà Lạt |
|---|
| LEADER | 00919nam a2200313 4500 | ||
|---|---|---|---|
| 001 | DLU090098839 | ||
| 005 | ##20091201 | ||
| 040 | # | # | |a DLU |b eng |
| 041 | # | # | |a eng |
| 044 | # | # | |a us |
| 245 | # | # | |a Design of next generation amplifiers using nanowire FETs / |c Sotoudeh Hamedi-Hagh ... [et al.]. |
| 653 | # | # | |a Amplifier |
| 653 | # | # | |a High frequency |
| 653 | # | # | |a Low voltage |
| 653 | # | # | |a Nanowire |
| 700 | # | # | |a Bindal, Ahmet. |
| 700 | # | # | |a Hamedi-Hagh, Sotoudeh. |
| 700 | # | # | |a Oh, Sooseok. |
| 700 | # | # | |a Park, Dae-Hee. |
| 773 | # | # | |t Journal of Electrical Engineering & Technology |g Vol. 3, no. 4 (December 2008), p. 566-570 |
| 920 | # | # | |a Phòng Tạp chí -- Trung tâm Thông tin - Thư viện Trường Đại học Đà Lạt |
| 994 | # | # | |a DLU |
| 900 | # | # | |a True |
| 911 | # | # | |a Trương Bảo Trâm Anh |
| 925 | # | # | |a G |
| 926 | # | # | |a A |
| 927 | # | # | |a BB |
| 980 | # | # | |a Thư viện Trường Đại học Đà Lạt |